[Event "Liptovsky Mikulas CupT U20"]
[Site "Liptovsky Mikulas"]
[Date "2016.06.23"]
[Round "5.1"]
[White "Bubnov, Kirill"]
[Black "Krzeminski, Sebastian"]
[Result "1/2-1/2"]
[WhiteElo "2163"]
[BlackElo "1832"]
[PlyCount "56"]
[EventDate "2016.06.21"]
[EventType "team-swiss"]
[EventRounds "8"]
[EventCountry "SVK"]
[SourceTitle "CBM 173 Extra"]
[Source "ChessBase"]
[SourceDate "2016.08.29"]
[SourceVersion "1"]
[SourceVersionDate "2016.08.29"]
[SourceQuality "1"]
[WhiteTeam "St Petersburg Spassky (U20)"]
[BlackTeam "Krakow Wisla (U20)"]
[WhiteTeamCountry "RUS"]
[BlackTeamCountry "POL"]

1. d4 d5 2. c4 c6 3. Nf3 Nf6 4. Nc3 e6 5. cxd5 exd5 6. Bg5 Be7 7. Qc2 Be6 8. e3 Nbd7 9. Bd3 h6 10. Bh4 Rc8 11. 0-0 0-0 12. Rab1 c5 13. Bf5 Nh5 14. Bxe7 Qxe7 15. Rfd1 Nhf6 16. dxc5 Nxc5 17. Nd4 Rfd8 18. Qe2 g6 19. Nxe6 Nxe6 20. Bh3 Rc6 21. g3 a6 22. Rd2 Ng5 23. Bg2 Nge4 24. Nxe4 dxe4 25. Rbd1 Rcd6 26. Rd4 Rxd4 27. exd4 Re8 28. Re1 Qb4 1/2-1/2

[Event "Liptovsky Mikulas CupT U20"]
[Site "Liptovsky Mikulas"]
[Date "2016.06.22"]
[Round "3.1"]
[White "Krzeminski, Sebastian"]
[Black "Durica, Adam"]
[Result "1-0"]
[WhiteElo "1832"]
[BlackElo "1761"]
[PlyCount "85"]
[EventDate "2016.06.21"]
[EventType "team-swiss"]
[EventRounds "8"]
[EventCountry "SVK"]
[SourceTitle "CBM 173 Extra"]
[Source "ChessBase"]
[SourceDate "2016.08.29"]
[SourceVersion "1"]
[SourceVersionDate "2016.08.29"]
[SourceQuality "1"]
[WhiteTeam "Krakow Wisla (U20)"]
[BlackTeam "Liptov Chess School (U20)"]
[WhiteTeamCountry "POL"]
[BlackTeamCountry "SVK"]

1. d4 d6 2. e4 c6 3. c4 g6 4. Nc3 Bg7 5. f4 Qc7 6. Nf3 Bg4 7. Be2 Nd7 8. h3 Bxf3 9. Bxf3 e5 10. fxe5 dxe5 11. d5 Ngf6 12. 0-0 0-0 13. Kh1 a6 14. Be3 cxd5 15. cxd5 Qd6 16. Rc1 Rac8 17. Qb3 b5 18. a4 b4 19. Ne2 a5 20. Rc4 Nc5 21. Qc2 b3 22. Qc1 Nd3 23. Qc3 Rxc4 24. Qxc4 Nxb2 25. Qxb3 Rb8 26. Qc2 Qa3 27. Qc7 Re8 28. Bc1 Qb4 29. Bg5 h6 30. Bxf6 Bxf6 31. Qc6 Qe7 32. Qb5 Kg7 33. Qxb2 h5 34. Nc3 Rh8 35. Nb5 g5 36. Qa3 Qd7 37. Qd6 Qxd6 38. Nxd6 g4 39. Be2 Kg6 40. Kg1 Be7 41. Nxf7 Bc5+ 42. Kh2 Bd4 43. Nxh8+ 1-0

[Event "POL-chT U19 2nd League"]
[Site "Iwonicz"]
[Date "2015.08.01"]
[Round "11.2"]
[White "Krzeminski, Sebastian"]
[Black "Marko, Piotr"]
[Result "1-0"]
[WhiteElo "1815"]
[BlackElo "1737"]
[PlyCount "109"]
[EventDate "2015.07.25"]
[EventType "team-swiss"]
[EventRounds "11"]
[EventCountry "POL"]
[SourceTitle "EXT 2019"]
[Source "ChessBase"]
[SourceDate "2018.10.10"]
[SourceVersion "1"]
[SourceVersionDate "2018.10.10"]
[SourceQuality "1"]
[WhiteTeam "Krakow Wisla U19"]
[BlackTeam "Wroclaw MUKS MDK Fabryczna U19"]
[WhiteTeamCountry "POL"]
[BlackTeamCountry "POL"]

1. d4 Nf6 2. Bg5 g6 3. Bxf6 exf6 4. c4 d5 5. cxd5 Qxd5 6. Nc3 Qd6 7. g3 Bg7 8. Bg2 0-0 9. e3 Nc6 10. Nge2 f5 11. Rc1 a6 12. h4 Re8 13. 0-0 Ne7 14. Na4 Rb8 15. Qc2 Bd7 16. b3 Bc6 17. Qc5 Qd7 18. Bxc6 Nxc6 19. Nf4 Rbd8 20. Qc3 Bf8 21. Nc5 Bxc5 22. Qxc5 Re7 23. Rfd1 Qd6 24. Kg2 Rdd7 25. Rd2 Kg7 26. Rdc2 Qf6 27. Nd5 Rxd5 28. Qxd5 Nb4 29. Qxb7 Nxc2 30. Rxc2 Qd6 31. Qc6 Qa3 32. Qc5 Qxc5 33. Rxc5 Kf8 34. Rc6 Re6 35. Rxc7 Ke8 36. Kf3 h5 37. Ke2 Rf6 38. Kd3 Kd8 39. Rc5 Kd7 40. Kc4 Rb6 41. b4 Kd6 42. a4 Rb7 43. b5 axb5+ 44. axb5 Rb8 45. Kb4 Ra8 46. b6 Ra2 47. Kb5 Kd7 48. b7 Rxf2 49. Kb6 Rb2+ 50. Rb5 Rxb5+ 51. Kxb5 Kc7 52. Ka6 Kb8 53. d5 g5 54. d6 f4 55. Kb6 1-0

[Event "POL-chT U19 2nd League"]
[Site "Szczyrk"]
[Date "2014.08.02"]
[Round "11.2"]
[White "Maj, Kornel"]
[Black "Krzeminski, Sebastian"]
[Result "1-0"]
[WhiteElo "1907"]
[BlackElo "1704"]
[PlyCount "111"]
[EventDate "2014.07.25"]
[EventType "team-swiss"]
[EventRounds "11"]
[EventCountry "POL"]
[SourceTitle "EXT 2015"]
[Source "ChessBase"]
[SourceDate "2014.11.20"]
[SourceVersion "1"]
[SourceVersionDate "2014.11.20"]
[SourceQuality "1"]
[WhiteTeam "Rydultowy Ognisko U19"]
[BlackTeam "Krakow Wisla U19"]
[WhiteTeamCountry "POL"]
[BlackTeamCountry "POL"]

1. e4 c5 2. c3 g6 3. d4 cxd4 4. cxd4 d5 5. e5 Nc6 6. Nc3 Bg7 7. h3 Nh6 8. g4 0-0 9. f4 f6 10. Nf3 fxe5 11. fxe5 a6 12. Bg2 b5 13. 0-0 e6 14. Be3 Ra7 15. Qd2 Nf7 16. h4 h6 17. Ne2 Rc7 18. Nf4 Ne7 19. Qd3 Nh8 20. h5 g5 21. Nh3 Nc6 22. Nfxg5 hxg5 23. Bxg5 Qe8 24. h6 Bxe5 25. dxe5 Nxe5 26. Qg3 Nhg6 27. Bf6 Rxf6 28. Rxf6 Qe7 29. Raf1 Rc4 30. g5 Bd7 31. Nf4 Nxf4 32. R6xf4 Qc5+ 33. Kh1 Ng6 34. Rf7 Rh4+ 35. Bh3 d4 36. Rg7+ Kh8 37. Rxg6 Rxh3+ 38. Qxh3 Bc6+ 39. Kg1 d3+ 40. Rf2 d2 41. Qd3 Qc1+ 42. Rf1 Qc5+ 43. Kh2 Qe5+ 44. Qg3 Qe2+ 45. Rf2 Qh5+ 46. Qh3 Qxg6 47. Qc3+ Kh7 48. Qxd2 Bd5 49. Qf4 e5 50. Qxe5 Be6 51. Qc7+ Kg8 52. Qd8+ Kh7 53. Qe7+ Kh8 54. Qf6+ Qxf6 55. Rxf6 Bxa2 56. Rxa6 1-0

[Event "POL-chT U19 2nd League"]
[Site "Szczyrk"]
[Date "2014.07.30"]
[Round "8.32"]
[White "Krzeminski, Sebastian"]
[Black "Szolc, Grzegorz"]
[Result "1-0"]
[WhiteElo "1704"]
[BlackElo "1883"]
[PlyCount "53"]
[EventDate "2014.07.25"]
[EventType "team-swiss"]
[EventRounds "11"]
[EventCountry "POL"]
[SourceTitle "EXT 2015"]
[Source "ChessBase"]
[SourceDate "2014.11.20"]
[SourceVersion "1"]
[SourceVersionDate "2014.11.20"]
[SourceQuality "1"]
[WhiteTeam "Krakow Wisla U19"]
[BlackTeam "Gliwice Politechnika Slaska U19"]
[WhiteTeamCountry "POL"]
[BlackTeamCountry "POL"]

1. d4 g6 2. e4 Bg7 3. c3 c6 4. Nf3 d5 5. e5 f6 6. Bf4 Bg4 7. Nbd2 Nd7 8. Qb3 Qb6 9. Bd3 Bxf3 10. Nxf3 fxe5 11. dxe5 Qxb3 12. axb3 Nc5 13. Bc2 Ne6 14. Be3 a6 15. h4 Kf7 16. h5 Nh6 17. Ra4 c5 18. Rah4 gxh5 19. Rxh5 Ng8 20. Rxh7 Rxh7 21. Rxh7 d4 22. Bd2 Rd8 23. Bf5 Nc7 24. cxd4 e6 25. Ng5+ Kf8 26. Bxe6 Rxd4 27. Be3 1-0

[Event "POL-chT U19 2nd League"]
[Site "Szczyrk"]
[Date "2014.07.29"]
[Round "7.38"]
[White "Zarnowski, Krzysztof"]
[Black "Krzeminski, Sebastian"]
[Result "1-0"]
[WhiteElo "1906"]
[BlackElo "1704"]
[PlyCount "79"]
[EventDate "2014.07.25"]
[EventType "team-swiss"]
[EventRounds "11"]
[EventCountry "POL"]
[SourceTitle "EXT 2015"]
[Source "ChessBase"]
[SourceDate "2014.11.20"]
[SourceVersion "1"]
[SourceVersionDate "2014.11.20"]
[SourceQuality "1"]
[WhiteTeam "Gorlice GKSz Kornuty U19"]
[BlackTeam "Krakow Wisla U19"]
[WhiteTeamCountry "POL"]
[BlackTeamCountry "POL"]

1. e4 c5 2. Nf3 a6 3. d4 cxd4 4. Nxd4 Nf6 5. Nc3 e5 6. Nb3 Bb4 7. Qd3 Nc6 8. Bd2 Bxc3 9. Bxc3 d5 10. exd5 Nxd5 11. 0-0-0 Be6 12. g3 Qb6 13. Bg2 0-0-0 14. Bxd5 Bxd5 15. Qf5+ Be6 16. Qg5 Qxf2 17. Rdf1 Qe2 18. Qxg7 Qc4 19. Kb1 a5 20. a3 b5 21. Qg5 b4 22. axb4 axb4 23. Bxe5 Rd5 24. Qg7 Rhd8 25. Bf6 Rd2 26. Qxh7 Na5 27. Bxd8 Nxb3 28. cxb3 Qxb3 29. Bf6 Bc4 30. Qf5+ Rd7 31. Rd1 Qa2+ 32. Kc1 Qa1+ 33. Qb1 Qa8 34. Rxd7 Qxh1+ 35. Rd1 Qc6 36. Qf5+ Be6+ 37. Qc2 Bc4 38. b3 Qxf6 39. Qxc4+ Kb8 40. Qf4+ 1-0

[Event "POL-chT U19 2nd League"]
[Site "Szczyrk"]
[Date "2014.07.27"]
[Round "4.8"]
[White "Krzeminski, Sebastian"]
[Black "Golenia, Jan"]
[Result "0-1"]
[WhiteElo "1704"]
[BlackElo "1624"]
[PlyCount "136"]
[EventDate "2014.07.25"]
[EventType "team-swiss"]
[EventRounds "11"]
[EventCountry "POL"]
[SourceTitle "EXT 2015"]
[Source "ChessBase"]
[SourceDate "2014.11.20"]
[SourceVersion "1"]
[SourceVersionDate "2014.11.20"]
[SourceQuality "1"]
[WhiteTeam "Krakow Wisla U19"]
[BlackTeam "Wieliczka MKS MOS U19"]
[WhiteTeamCountry "POL"]
[BlackTeamCountry "POL"]

1. d4 d5 2. c4 c6 3. Nf3 Nf6 4. Nc3 Bf5 5. Qb3 Qb6 6. Qxb6 axb6 7. cxd5 Nxd5 8. Nxd5 cxd5 9. e3 f6 10. Bd2 Nc6 11. Bb5 e6 12. Nh4 Bg6 13. 0-0 Bd6 14. Rfc1 Kd7 15. Nxg6 hxg6 16. h3 g5 17. f3 Bg3 18. e4 Kd6 19. Be3 Bf4 20. Bxf4+ gxf4 21. Bxc6 bxc6 22. a4 Ra7 23. Rc3 Rha8 24. b3 g5 25. Rac1 Rc7 26. Kf2 Ra5 27. Ke2 e5 28. dxe5+ fxe5 29. exd5 Rxd5 30. b4 Rd4 31. Rd3 c5 32. Rc4 Kd5 33. Rc2 Ra7 34. a5 Rxd3 35. Kxd3 cxb4 36. axb6 Rb7 37. Rc8 Rxb6 38. Rd8+ Ke6 39. Kc2 Rc6+ 40. Kb3 Rc3+ 41. Kb2 Re3 42. Rd2 Kf5 43. Rc2 e4 44. Rc5+ Kg6 45. fxe4 Rxe4 46. Rc2 Re3 47. Rd2 Kh5 48. Kc1 Kh4 49. Kd1 b3 50. Rd5 Rc3 51. Rb5 Rg3 52. Ke1 Rxg2 53. Rxb3 Rg3 54. Rb8 Kxh3 55. Kf2 Ra3 56. Rb5 Kg4 57. Rb2 Rh3 58. Kg1 f3 59. Rb5 Rh5 60. Kf2 Rh2+ 61. Kg1 Rc2 62. Kf1 Kf4 63. Kg1 g4 64. Rb1 Kg3 65. Rd1 Rc7 66. Ra1 Rc3 67. Rd1 Re3 68. Rf1 Re1 0-1

[Event "POL-chT U19 2nd League"]
[Site "Szczyrk"]
[Date "2014.07.26"]
[Round "3.20"]
[White "Piela, Dominik"]
[Black "Krzeminski, Sebastian"]
[Result "1/2-1/2"]
[WhiteElo "1565"]
[BlackElo "1704"]
[PlyCount "84"]
[EventDate "2014.07.25"]
[EventType "team-swiss"]
[EventRounds "11"]
[EventCountry "POL"]
[SourceTitle "EXT 2015"]
[Source "ChessBase"]
[SourceDate "2014.11.20"]
[SourceVersion "1"]
[SourceVersionDate "2014.11.20"]
[SourceQuality "1"]
[WhiteTeam "Pszczyna PSSz U19"]
[BlackTeam "Krakow Wisla U19"]
[WhiteTeamCountry "POL"]
[BlackTeamCountry "POL"]

1. d4 d5 2. c4 c6 3. Nf3 Nf6 4. g3 dxc4 5. Bg2 e6 6. 0-0 Be7 7. Ne5 Nbd7 8. Nxc4 0-0 9. a3 Re8 10. Nc3 Nd5 11. Qc2 b5 12. Nd2 Bb7 13. e4 Nxc3 14. bxc3 c5 15. a4 a6 16. axb5 axb5 17. Ba3 Qc7 18. dxc5 Bxc5 19. Bxc5 Nxc5 20. Nb3 Rec8 21. Nd4 Ra5 22. Rab1 Qb6 23. Rfc1 e5 24. Nf5 Qc7 25. Rd1 Ne6 26. Qb3 g6 27. Nd6 Nc5 28. Qb4 Na6 29. Qb3 Nc5 30. Qb4 Na6 31. Qb3 Nc5 32. Qb2 Na4 33. Qb4 Nxc3 34. Nxc8 Bxc8 35. Rd8+ Qxd8 36. Qxc3 b4 37. Qxb4 Be6 38. h4 Qc7 39. Qb2 Ra2 40. Qb8+ Qxb8 41. Rxb8+ Kg7 42. Rb1 h5 1/2-1/2

[Event "POL-chT U19 1st League"]
[Site "Suchedniow"]
[Date "2012.07.??"]
[Round "9"]
[White "Sernecki, Franciszek"]
[Black "Krzeminski, Sebastian"]
[Result "1/2-1/2"]
[WhiteElo "1601"]
[BlackElo "1747"]
[PlyCount "121"]
[EventDate "2012.07.21"]
[EventType "team-swiss"]
[EventRounds "9"]
[EventCountry "POL"]
[SourceTitle "EXT 2014"]
[Source "ChessBase"]
[SourceDate "2013.11.20"]
[SourceVersion "1"]
[SourceVersionDate "2013.11.20"]
[SourceQuality "1"]
[WhiteTeam "Wroclaw MUKS MDK Srodmiescie U19"]
[BlackTeam "Wieliczka MKS MOS U19"]
[WhiteTeamCountry "POL"]
[BlackTeamCountry "POL"]

1. e4 c6 2. d4 d5 3. Nc3 dxe4 4. Nxe4 Bf5 5. Ng3 Bg6 6. h4 h6 7. Nf3 e6 8. h5 Bh7 9. Bd3 Bxd3 10. Qxd3 Nf6 11. Bf4 Qa5+ 12. c3 Nbd7 13. Ne5 Be7 14. Nc4 Qd5 15. Ne3 Qb5 16. Qxb5 cxb5 17. 0-0-0 Nb6 18. Be5 Rc8 19. Bxf6 gxf6 20. d5 f5 21. Ne2 b4 22. Kb1 Rg8 23. d6 Bf8 24. cxb4 Rc6 25. g3 Rxd6 26. Nd4 a6 27. a3 Be7 28. Nf3 f6 29. Rxd6 Bxd6 30. Rd1 Ke7 31. Nh4 Bb8 32. Ng6+ Kf7 33. b3 Bc7 34. Rc1 Bd6 35. Rd1 Bc7 36. Rc1 Bb8 37. Rd1 Rc8 38. Kb2 Ke8 39. Nc2 Nd5 40. Nd4 Nc7 41. Rc1 Rd8 42. Nf3 Kf7 43. Rc2 Ne8 44. Ngh4 Ng7 45. Ng2 Nxh5 46. Ne3 Ng7 47. Nc4 Ne8 48. Na5 Nd6 49. Rd2 Bc7 50. Nc4 Nxc4+ 51. bxc4 Rxd2+ 52. Nxd2 f4 53. g4 Kg6 54. a4 f5 55. gxf5+ Kxf5 56. b5 axb5 57. axb5 b6 58. Kc3 e5 59. f3 h5 60. Kd3 h4 61. Ke2 1/2-1/2

[Event "Solina Mind Sports U14 op"]
[Site "Solina"]
[Date "2012.04.17"]
[Round "3"]
[White "Krzeminski, Sebastian"]
[Black "Lizak, Jakub"]
[Result "1-0"]
[WhiteElo "1723"]
[BlackElo "1855"]
[PlyCount "63"]
[EventDate "2012.04.15"]
[EventType "swiss"]
[EventRounds "9"]
[EventCountry "POL"]
[SourceTitle "EXT 2014"]
[Source "ChessBase"]
[SourceDate "2013.11.20"]
[SourceVersion "1"]
[SourceVersionDate "2013.11.20"]
[SourceQuality "1"]

1. d4 c5 2. e3 Nc6 3. Nf3 cxd4 4. exd4 d5 5. c4 Bg4 6. Be3 e5 7. Be2 Qa5+ 8. Nc3 Bxf3 9. Bxf3 e4 10. Be2 Nf6 11. Qb3 Qb6 12. Qxb6 axb6 13. cxd5 Nb4 14. Bb5+ Kd8 15. 0-0 h6 16. Bc4 Rc8 17. b3 Nc2 18. Rac1 Na3 19. Nb5 Nxb5 20. Bxb5 Rxc1 21. Bxc1 Bd6 22. Re1 Bb4 23. Re2 Rf8 24. Bb2 Kc7 25. h3 Ra8 26. Bc1 Kd6 27. Bf4+ Kxd5 28. Be5 Rf8 29. Rc2 Bd6 30. Bc4+ Kc6 31. Be6+ Kb5 32. Bxd6 1-0

[Event "Krakow Four Seasons"]
[Site "Krakow"]
[Date "2012.01.27"]
[Round "4.5"]
[White "Krzeminski, Sebastian"]
[Black "Latka, Tadeusz"]
[Result "1-0"]
[WhiteElo "1703"]
[BlackElo "1680"]
[PlyCount "49"]
[EventDate "2012.01.27"]
[EventType "swiss"]
[EventRounds "5"]
[EventCountry "POL"]
[SourceTitle "EXT 2023"]
[Source "ChessBase"]
[SourceDate "2022.10.05"]
[SourceVersion "1"]
[SourceVersionDate "2022.10.05"]
[SourceQuality "1"]

1. d4 c6 2. c4 d5 3. Nc3 Nf6 4. Nf3 dxc4 5. a4 e6 6. Bg5 Nbd7 7. e3 Bb4 8. Bxf6 Nxf6 9. Bxc4 Nd5 10. Qc2 Qa5 11. Rc1 Nxc3 12. bxc3 Bd6 13. 0-0 b6 14. Bd3 Ba6 15. c4 Qh5 16. Rfd1 c5 17. a5 0-0 18. axb6 axb6 19. Be4 Rab8 20. Qa4 Bb7 21. Bxb7 Rxb7 22. Qc6 Bxh2+ 23. Nxh2 Rfb8 24. dxc5 bxc5 25. Qxb7 1-0